Biggest lakes in Poland. Największe jeziora Polski - Statystyki

Ogólne statystyki
  • Ten quiz został rozwiązany 1 601 razy
  • Średni wynik to 10 z 30
Statystyki odpowiedzi
Area (ha) Lake % Poprawnych
11487,5 Śniardwy
96%
9851 Mamry
89%
2115 Wigry
58%
7020 Łebsko
56%
2121,5 Gopło
54%
3152,5 Jeziorak
50%
2595 Niegocin
46%
2231,5 Jamno
43%
5408 Dąbie
42%
2337,5 Gardno
42%
1797,5 Drawsko
37%
3491 Miedwie
33%
1808,5 Roś
28%
1417 Wdzydze
28%
1750 Nidzkie
27%
1644 Bukowo
23%
1147,5 Druzno
23%
1487,5 Lubie
23%
1031 Wicko
23%
1425 Żarnowieckie
23%
1336 Charzykowskie
21%
1499 Rajgrodzkie
21%
1637,5 Wielimie
21%
1225 Narie
20%
1097,5 Powidzkie
20%
1120 Raduńskie
19%
1796 Tałty-Ryńskie
19%
1207,5 Selmęt Wielki
18%
1070 Łańskie
17%
1200 Wicko Wielkie
17%
Nie znaleziono quizów pasujących do podanych kryteriów
Rozkład punktacji
Procent ludzi z każdym wynikiem
Percentyl według liczby udzielonych odpowiedzi
Twoja historia wyników
Nie rozwiązałeś tego quizu